[Event "Moscow Itkin Memorial"]
[Site "Moscow"]
[Date "2012.08.23"]
[Round "6"]
[White "Kudenko, Alexander"]
[Black "Shirman, Mikhail"]
[Result "1-0"]
[WhiteElo "2030"]
[BlackElo "1861"]
[PlyCount "61"]
[EventDate "2012.08.12"]
[EventType "swiss"]
[EventRounds "9"]
[EventCountry "RUS"]
[SourceTitle "EXT 2022"]
[Source "ChessBase"]
[SourceDate "2021.10.06"]
[SourceVersion "1"]
[SourceVersionDate "2021.10.06"]
[SourceQuality "1"]

1. d4 d5 2. c4 e5 3. dxe5 d4 4. e4 c5 5. f4 Nc6 6. Nf3 Bg4 7. h3 Bxf3 8. Qxf3 Qd7 9. Bd3 Nb4 10. 0-0 Ne7 11. f5 Nxd3 12. Qxd3 Nc6 13. Qg3 0-0-0 14. a3 g6 15. Nd2 Bh6 16. Nf3 Bxc1 17. Raxc1 gxf5 18. exf5 Qc7 19. Qg7 Rdg8 20. Qf6 h6 21. Rce1 Rh7 22. g4 h5 23. g5 h4 24. Kh1 Rhg7 25. Rg1 Qb6 26. e6 fxe6 27. Qxe6+ Kb8 28. f6 Qb3 29. Nd2 Qd3 30. fxg7 Rxg7 31. Qd6+ 1-0

[Event "Moscow Itkin Memorial"]
[Site "Moscow"]
[Date "2012.08.12"]
[Round "1"]
[White "Zolotukhin, Valery"]
[Black "Shirman, Mikhail"]
[Result "1-0"]
[WhiteElo "2329"]
[BlackElo "1861"]
[PlyCount "47"]
[EventDate "2012.08.12"]
[EventType "swiss"]
[EventRounds "9"]
[EventCountry "RUS"]
[SourceTitle "EXT 2022"]
[Source "ChessBase"]
[SourceDate "2021.10.06"]
[SourceVersion "1"]
[SourceVersionDate "2021.10.06"]
[SourceQuality "1"]

1. e4 c5 2. Nf3 d6 3. d4 cxd4 4. Nxd4 Nf6 5. Nc3 g6 6. Be3 Bg7 7. f3 0-0 8. Qd2 Nc6 9. 0-0-0 Bd7 10. g4 Rc8 11. h4 h5 12. gxh5 Nxh5 13. Rg1 Nxd4 14. Bxd4 Bxd4 15. Qxd4 Qc7 16. Qd2 Kh7 17. Nd5 Qc5 18. Rg5 f5 19. Nxe7 Ba4 20. Bd3 Bxc2 21. Bxc2 Nf4 22. Nxc8 Rxc8 23. exf5 gxf5 24. Kb1 1-0